000
00443nam a2200169Ia 4500
008
090711s9999 xx 000 0 und d
082
_b
50830
100
_a
हरकारे अरुण
245
_a
कामिनी
260
_c
1985
300
_a
192
600
_a
हरकारे अरुण
630
_a
कामिनी
700
_a
हरकारे अरुण
730
_a
कामिनी
942
_c
BOOK
999
_c
301442
_d
301442